00596nam a22001937a 4500003000200000005001700002008004100019020001800060050002300078100003200101245004100133250001200174260004400186300003600230500006200266504002000328650002100348650003300369020241026084454.0241026b xxu||||| |||| 00| 0 eng d a9781266095528 aHD 4901b.B67 2024 aBorjas, George J.,eauthor. aLabor economics /cGeorge J. Borjas. a9th ed. aNew York, NY :bMcGraw Hill LLC,c2024. axviii, 494 p. :bill. ;c24 cm. aThis International Edition is for use outside of the U.S. aIncludes index. aLabor economics. aLabor marketvUnited States.